000 00521nam a2200193Ia 4500
005 20250508165609.0
008 008 250505s9999 xx 000 0 eng d
037 _aTextual
040 _aFEDL
_beng
_cFEDL
041 _aeng
_2eng
084 _a005.26, HER
_qFEDL
100 _aHergert Douglas
_9370650
245 0 _aMastering : Turbo Pasca; 5
260 _aNew Delhi
_bBPB Publication
_c1989
300 _axxii, 595
365 _aINR
_b90
942 _cTEXL
_h005.26, HER
999 _c1396094
_d1396094